What are these Dutch words in English? - Statistics

General Stats
  • This quiz has been taken 37 times
    21 since last reset
  • The average score is 17 of 25
Answer Stats
Hint Answer % Correct
Water Water
100%
Kind Child
94%
Of Or
94%
Worst Sausage
88%
Boom Tree
88%
Bad Bath
82%
Groot Big/ Large
82%
Door By/ Through
82%
Die That
82%
Boot Boat
76%
Slim Smart
76%
Stem Voice
76%
Word Become
71%
Red Save
71%
Bot Bone
65%
Mug Mosquito
65%
Stil Quiet
65%
Leg Lay
53%
Glad Slippery/ Smooth
53%
Meet Measure
47%
Sleep Drag
35%
Put Well
35%
Last Burden/ Load
29%
Steel Rob/ Stem
29%
Gun Grant/ Allow
24%
No matching quizzes found
Score Distribution
Percent of People with Each Score
Percentile by Number Answered
Your Score History
You have not taken this quiz since the last reset